Doctor Who Series 1 Episodes - Statistics

General Stats
  • This quiz has been taken 363 times
  • The average score is 10 of 13
Answer Stats
Hint Episode % Correct
Dummies, Guns in Hands, Doctor Who? Rose
98%
EXTERMINATE!! Dalek
94%
Reapers, Time Paradox, Church Father's Day
85%
Are You My Mummy? The Empty Child
85%
Gas Mask Zombies, Nanogenes, Jamie The Doctor Dances
84%
Casandra, Spider Robots, Year 5 Billion The End of the World
84%
Charles Dickens, Possession, Gelth The Unquiet Dead
77%
Game Station, Satellite 5, Daleks Bad Wolf
76%
Emperor Dalek, Time Vortex, Regeneration The Parting of the Ways
76%
Power Station, The Rift, Slitheen Boom Town
73%
Slitheen, Nuclear Weapons, Vinegar World War III
73%
Space Pig Pilot, Compression Fields, Big Ben Aliens of London
72%
Jagrafess, The Editor, Satellite 5 The Long Game
72%
No matching quizzes found
Score Distribution
Percent of People with Each Score
Percentile by Number Answered
Your Score History
You have not taken this quiz